150 Ελληνικά Νησιά με Χάρτη - Statistics

General Stats
  • This quiz has been taken 213 times
  • The average score is 60 of 150
Answers on the Map
Answers color-coded by a green-red scale on the quiz's map according to % correct below.
 
Answer Stats
Νησιά % Correct
Κρήτη
98%
Εύβοια
97%
Κέρκυρα
96%
Λευκάδα
96%
Ρόδος
96%
Ζάκυνθος
95%
Νάξος
94%
Χίος
93%
Κεφαλονιά
92%
Λέσβος
92%
Πάρος
92%
Ρω
92%
Ιθάκη
89%
Σαντορίνη
89%
Κύθηρα
88%
Μύκονος
87%
Παξοί
87%
Θάσος
86%
Σάμος
85%
Κως
84%
Λήμνος
84%
Αίγινα
82%
Σαλαμίνα
81%
Σκιάθος
81%
Άνδρος
80%
Σαμοθράκη
80%
Ικαρία
78%
Σκόπελος
78%
Τήνος
78%
Μήλος
77%
Σπέτσες
75%
Αλόννησος
74%
Κάρπαθος
74%
Ύδρα
74%
Αντίπαξοι
73%
Αντίπαρος
71%
Αντικύθηρα
71%
Ίος
68%
Πόρος
67%
Σύρος
67%
Σκύρος
67%
Αμοργός
66%
Αστυπάλαια
66%
Σέριφος
64%
Καστελόριζο
63%
Κάλυμνος
62%
Κέα
62%
Ψαρά
60%
Γαύδος
59%
Δήλος
58%
Σίφνος
58%
Φολέγανδρος
58%
Κύθνος
56%
Τήλος
56%
Άνω Κουφονήσι
55%
Κάτω Κουφονήσι
55%
Σύμη
53%
Ανάφη
52%
Κουφονήσι Λασιθίου
51%
Λέρος
51%
Σίκινος
51%
Κάσος
49%
Πάτμος
49%
Κίμωλος
48%
Αγκίστρι
47%
Μακρόνησος
46%
Άγιος Ευστράτιος
45%
Δονούσα
43%
Φούρνοι
43%
Νίσυρος
41%
Οινούσσες
40%
Σχοινούσα
39%
Ελαφόνησος
38%
Λειψοί
37%
Ηρακλειά
36%
Οθωνοί
35%
Χάλκη
33%
Αμμουλιανή
31%
Μεγανήσι
27%
Ψέριμος
27%
Γυάρος
26%
Αγαθονήσι
25%
Θηρασιά
25%
Κάλαμος
24%
Καστός
24%
Κέρος
22%
Ερεικούσσα
20%
Κυρά Παναγιά
20%
Αντίμηλος
18%
Αρκοί
17%
Δοκός
17%
Πολύαιγος
17%
Θύμαινα
16%
Μαθράκι
16%
Φαρμακονήσι
16%
Γαϊδουρονήσι
15%
Αντίψαρα
14%
Πιπέρι
14%
Αρκούδι
13%
Γιούρα
13%
Δία Ηρακλείου
13%
Σαρία Δωδεκανήσου
13%
Χρυσή Λασιθίου
13%
Κίναρος
12%
Παλαιό Τρίκερι
12%
Άγιος Γεώργιος
11%
Άτοκος
11%
Μεγαλόνησος
11%
Οξεία
11%
Περιστέρα
11%
Στρογγυλή Μεγίστης
11%
Δεσποτικό Κυκλάδων
9%
Λέβιθα
9%
Νέα Καμμένη Θήρας
9%
Σκυροπούλα
9%
Σχίζα
9%
Άγιος Μηνάς Φούρνων
8%
Πάτροκλος
8%
Σύρνα
8%
Σκάντζουρα
8%
Αλιμιά
7%
Βελοπούλα
7%
Ζαφοράς
7%
Ποντικούσα
7%
Σαπιέντζα
7%
Φαλκονέρα
7%
Γυαλί Δωδεκανήσου
6%
Μακρά
6%
Πρώτη
6%
Σφακτηρία
6%
Άνυδρος Αμοργού
5%
Αρμαθιά
5%
Αστακίδα
5%
Βάλαξα Σκύρου
5%
Παχειά
5%
Πεταλάς
5%
Στύρα Εύβοιας
5%
Χερσονήσι
5%
Αταλαντονήσι
4%
Πασάς
4%
Σαρακηνό
4%
Χριστιάνα
4%
Διάπορος Χαλκιδικής
3%
Δραγονάδα
3%
Ελάσα Λασιθίου
3%
Προκοπάνιστος
3%
Λούρος
2%
Μάραθος
2%
Οφειδούσσα
2%
Μοχλός Λασιθίου
1%
No matching quizzes found
Score Distribution
Percent of People with Each Score
Percentile by Number Answered
Your Score History
You have not taken this quiz